00485nam a2200157Ia 4500003000900000008004100009020001800050040001600068080001600084100002000100245009500120260004200215300001700257650004100274650001200315IN-BaIIA211028s9999 xx 000 0 eng d a90-277-1654-4 cIIA Library a523.68bBRO aBronshten, V. A 0aPhysics of meteoric phenomenacV. A. Bronshten  aDordrechtbD. Reidel Publishingc1983 axviii, 356p. aAstronomy and astrophysics thesaurus aMeteors